Learning vocabulary in another language

Sparad:
Bibliografiska uppgifter
Huvudupphovsman: Nation, I. S. P.
Materialtyp: Bok
Språk:Undetermined
Publicerad: Cambridge Cambridge University 2001
Ämnen:
Taggar: Lägg till en tagg
Inga taggar, Lägg till första taggen!
Thư viện lưu trữ: Trung tâm Học liệu Trường Đại học Cần Thơ
LEADER 00583nam a2200205Ia 4500
001 CTU_100133
008 210402s9999 xx 000 0 und d
020 |c 293000 
082 |a 410.07 
082 |b N277 
100 |a Nation, I. S. P. 
245 0 |a Learning vocabulary in another language 
245 0 |c I. S. P. Nation 
260 |a Cambridge 
260 |b Cambridge University 
260 |c 2001 
650 |a Vocabulary,Language and languages 
650 |x Study and teaching,Study and teaching 
904 |i Giang 
980 |a Trung tâm Học liệu Trường Đại học Cần Thơ